01306ntm a22004217a 450000500170000000800410001702000180005804100080007608200210008410000200010510000250012524500660015025000160021626000130023226000220024526000090026730000180027649000470029450501140034165000240045565000120047965000250049165000320051665000350054865000260058365000330060965000410064265000200068365000280070365000290073165000300076065000190079065000130080965000250082265000120084765000150085965000100087420250812160944.0150317b2011 xxu||||| |||| 00| 0 spa d a9786074813814 aESP a658.409.2 L972l4 aLussier, Robert aAchua, Christopher F aLiderazgo: teoría, aplicación y desarrollo de habilidades a4 edición aMéxico bCengage Learning  c2011 a525 páginas aDirección y Administración de Empresas aParte I. Los individuos como líderes. Parte II. Liderazgo de equipos. Parte III. Liderazgo organizacional.  aLIDERAZGO EJECUTIVO aLÍDER aRASGOS DEL LIDERAZGO aCOMPORTAMIENTO DE LIDERAZGO aROLES GERENCIALES DE LIDERAZGO aTEORÍA DE LIDERAZGO aTEORÍAS DE LA MOTIVACIÓN aTEORÍA DE ESTABLECIMIENTO DE METAS aCASO STEVE JOBS aPEFILES DE PERSONALIDAD aLIDERAZGO ORGANIZACIONAL aPOLÍTICA ORGANIZACIONAL aCOMUNICACIÓN aCOACHING aMANEJO DE CONFLICTOS aCULTURA aDIVERSIDAD aCASOS